| 000 | 00344nam a2200145Ia 4500 | ||
|---|---|---|---|
| 008 | 200103s9999||||xx |||||||||||||| ||und|| | ||
| 020 | _a9780333409466 | ||
| 040 | _aIMU-MPC | ||
| 082 | _aColumn-18 | ||
| 100 | _aLeigh, Andrew | ||
| 245 | 0 | _aUnderstading Management Software | |
| 260 |
_bMacmillan, London _c1985 |
||
| 300 | _a286 | ||
| 942 | _cBK | ||
| 999 |
_c6360 _d6360 |
||